<?xml version="1.0" encoding="UTF-8"?>
<record
    xmlns:xsi="http://www.w3.org/2001/XMLSchema-instance"
    xsi:schemaLocation="http://www.loc.gov/MARC21/slim http://www.loc.gov/standards/marcxml/schema/MARC21slim.xsd"
    xmlns="http://www.loc.gov/MARC21/slim">

  <leader>01216nam a22003017a 4500</leader>
  <controlfield tag="005">20150320155825.0</controlfield>
  <controlfield tag="008">150312b2014    ck |||||r|||| 00| 0 spa d</controlfield>
  <datafield tag="020" ind1=" " ind2=" ">
    <subfield code="a">9789588448951</subfield>
  </datafield>
  <datafield tag="040" ind1=" " ind2=" ">
    <subfield code="a">CO-BOIAvH</subfield>
    <subfield code="c">CO-BOIAvH</subfield>
  </datafield>
  <datafield tag="041" ind1=" " ind2=" ">
    <subfield code="a">spa</subfield>
  </datafield>
  <datafield tag="044" ind1=" " ind2=" ">
    <subfield code="a">ck</subfield>
  </datafield>
  <datafield tag="082" ind1="0" ind2="4">
    <subfield code="a">333.9164</subfield>
    <subfield code="b">G63p</subfield>
  </datafield>
  <datafield tag="100" ind1="1" ind2=" ">
    <subfield code="a">G&#xF3;mez-Cubillos, Martha Catalina</subfield>
  </datafield>
  <datafield tag="245" ind1="1" ind2="0">
    <subfield code="a">Portafolio de arrecifes de coral, pastos marinos, playas de arena y manglares con potencial restauraci&#xF3;n en Colombia/</subfield>
    <subfield code="c">Martha Catalina G&#xF3;mez Cubillos [et al.]</subfield>
  </datafield>
  <datafield tag="260" ind1=" " ind2=" ">
    <subfield code="a">Sana Marta:</subfield>
    <subfield code="b">Invemar,</subfield>
    <subfield code="c">2015.</subfield>
  </datafield>
  <datafield tag="300" ind1=" " ind2=" ">
    <subfield code="a">69 p. +</subfield>
    <subfield code="b">mapas a color</subfield>
    <subfield code="c">28 cm.</subfield>
    <subfield code="e">CD Rom anexos CID-038968</subfield>
  </datafield>
  <datafield tag="490" ind1=" " ind2=" ">
    <subfield code="a">Publicaciones generales del Invemar</subfield>
    <subfield code="v">No. 79</subfield>
  </datafield>
  <datafield tag="500" ind1=" " ind2=" ">
    <subfield code="a">Incluye un CD Rom con los anexos CID-038968</subfield>
  </datafield>
  <datafield tag="650" ind1=" " ind2="4">
    <subfield code="a">Recursos marinos</subfield>
    <subfield code="x">restauraci&#xF3;n</subfield>
    <subfield code="z">Colombia</subfield>
  </datafield>
  <datafield tag="650" ind1=" " ind2="4">
    <subfield code="a">arrecifes de coral</subfield>
    <subfield code="x">restauraci&#xF3;n</subfield>
  </datafield>
  <datafield tag="650" ind1=" " ind2="4">
    <subfield code="a">pastos marinos</subfield>
    <subfield code="x">restauraci&#xF3;n</subfield>
  </datafield>
  <datafield tag="650" ind1=" " ind2="4">
    <subfield code="a">playas de arena</subfield>
    <subfield code="x">restauraci&#xF3;n</subfield>
  </datafield>
  <datafield tag="650" ind1=" " ind2="4">
    <subfield code="a">manglares</subfield>
    <subfield code="x">restauraci&#xF3;n</subfield>
  </datafield>
  <datafield tag="700" ind1="1" ind2=" ">
    <subfield code="a">Licero-Villanueva, Luc&#xED;a Victoria</subfield>
  </datafield>
  <datafield tag="700" ind1="1" ind2=" ">
    <subfield code="a">Perdomo-Trujillo, Laura</subfield>
  </datafield>
  <datafield tag="700" ind1="1" ind2=" ">
    <subfield code="a">Rodr&#xED;guez-Rodr&#xED;guez, Jenny Alexandra</subfield>
  </datafield>
  <datafield tag="942" ind1=" " ind2=" ">
    <subfield code="2">ddc</subfield>
    <subfield code="c">Folleto</subfield>
  </datafield>
  <datafield tag="999" ind1=" " ind2=" ">
    <subfield code="c">9097</subfield>
    <subfield code="d">9097</subfield>
  </datafield>
  <datafield tag="952" ind1=" " ind2=" ">
    <subfield code="0">0</subfield>
    <subfield code="1">0</subfield>
    <subfield code="2">ddc</subfield>
    <subfield code="4">0</subfield>
    <subfield code="7">0</subfield>
    <subfield code="8">GENERAL</subfield>
    <subfield code="I">INV2017</subfield>
    <subfield code="a">Bogota</subfield>
    <subfield code="b">Bogota</subfield>
    <subfield code="d">2015-03-12</subfield>
    <subfield code="l">0</subfield>
    <subfield code="o">LB-333.9164 G63p</subfield>
    <subfield code="p">038967</subfield>
    <subfield code="r">2015-03-12 00:00:00</subfield>
    <subfield code="t">Ej- 1</subfield>
    <subfield code="w">2015-03-12</subfield>
    <subfield code="x">Donaci&#xF3;n</subfield>
    <subfield code="y">Folleto</subfield>
  </datafield>
</record>
